Matemáticas aplicadas : (Registro nro. 68)

000 -CABECERA
Longitud fija campo de control 00570nam a22001937a 4500
003 - IDENTIFICADOR DELl NÚMERO DE CONTROL
Identificador del número de control OSt
005 - FECHA Y HORA DE LA ÚLTIMA TRANSACCIÓN
Fecha y hora de la última transacción 20190115150038.0
008 - CÓDIGOS DE INFORMACIÓN DE LONGITUD FIJA
Códigos de información de longitud fija 030206s2002 ck 000 0 spa d
020 ## - NÚMERO INTERNACIONAL NORMALIZADO PARA LIBROS
Número Internacional Normalizado para Libros (ISBN) 9684444370
040 ## - FUENTE DE LA CATALOGACIÓN
Centro transcriptor OSt
082 04 - NÚMERO DE LA CLASIFICACIÓN DECIMAL DEWEY
Número de edición DEWEY 21
Número de clasificación Decimal 510.024658
Número de documento (Cutter) A793
100 1# - PUNTO DE ACCESO PRINCIPAL-NOMBRE DE PERSONA
Nombre de persona Arya C. Jagdish
9 (RLIN) 1025
245 00 - TÍTULO PROPIAMENTE DICHO
Título Matemáticas aplicadas :
Resto del título a la administración y la economía /
Mención de responsabilidad, etc. Jagdish C. Arya; Robin W. Lardner
250 ## - MENCIÓN DE EDICIÓN
Mención de edición 4 ed.
260 ## - PUBLICACIÓN, DISTRIBUCIÓN, ETC. (PIE DE IMPRENTA)
Lugar de publicación, distribución, etc. México :
Nombre del editor, distribuidor, etc. Pearson Prentice Hall,
Fecha de publicación, distribución, etc. 2002.
300 ## - DESCRIPCIÓN FÍSICA
Extensión 856 p.
650 04 - PUNTO DE ACCESO ADICIONAL DE MATERIA - TÉRMINO DE MATERIA
Fuente del encabezamiento o término LEMB
Subdivisión de materia general ANÁLISIS MATEMÁTICO
9 (RLIN) 1026
942 ## - ENTRADA DE ELEMENTOS AGREGADOS (KOHA)
Fuente de clasificaión o esquema
Koha [por defecto] tipo de item Libro
Existencias
Asignatura Fecha última consulta Fecha último préstamo Mostrar en OPAC Localización permanente Préstamos totales Localización actual Disponibilidad Renovaciones totales Signatura completa Tipo de Descarte No para préstamo Fuente de clasificación o esquema Código de barras Fecha de Descarte Número de copia Forma de Material Fecha adquisición Restricciones de uso Localización en estanterías
USAP2018-09-132018-09-11NULLBiblioteca Central 4Biblioteca Central NULL3510.024658 A793NULLNULL 01169 Ej. 1Colección General2013-04-12NULLFondo General
USAP2023-10-132023-10-09NULLBiblioteca Central 89Biblioteca Central NULL55510.024658 A793NULLNULL 011712013-04-12Ej. 2Colección General2013-04-12NULLFondo General
USAP2019-05-302019-05-28NULLBiblioteca Central 40Biblioteca Central NULL22510.024658 A793NULLNULL 011722013-04-12Ej. 3Colección General2013-04-12NULLFondo General
USAP2019-02-112019-02-04NULLBiblioteca Central 59Biblioteca Central NULL37510.024658 A793NULLNULL 011732013-04-12Ej. 4Colección General2013-04-12NULLFondo General
USAP2019-10-142019-10-14NULLBiblioteca Central 2Biblioteca Central NULL 510.024658 A793NULLNULL 174082019-07-23Ej. 5Colección General2019-07-23 Fondo General
USAP2024-11-022024-10-26NULLBiblioteca Central 5Biblioteca Central NULL 510.024658 A793NULLNULL 176532020-01-31Ej. 6Colección General2020-01-31 Fondo General

Campus Universitario - Ave. Circunvalación - San Pedro Sula, Honduras, C.A. / Tel: +504 2561.8777 / Fax: +504 2561.8787 / Email: info@usap.edu
Todos los Derechos Reservados. © MMXIII Universidad de San Pedro Sula